Quiz sur l'Irak - Statistiques

Statistiques générales
  • Ce quiz a été pris 35 fois
  • Le résultat moyen est 12 sur 24
Statistiques - réponses
Informations Réponse % Correct
Capitale Bagdad
96%
Pays frontaliers Iran | Syrie | Jordanie | Turquie | Arabie Saoudite | Koweit
93%
Principale religion Islam
86%
Principale exportation Pétrole
79%
Principal pays qui a intervenu dans la deuxième guerre du Golfe Etats-Unis
75%
Pays qui avait un mandat sur ce territoire de 1920 à 1932 Royaume-Uni
71%
Plus long fleuve Tigre
68%
Peuple qui réclame l'indépendance Kurde
64%
Nom de la région historique Mésopotamie
64%
Dirgeant de 1979 à 2003 Saddam Hussein
64%
Pays à l'initiative du refus d'intervention en Irak en 2003 France
61%
Courant religieux dominant (60 %) Chiisme
54%
Régime qui le précédait Dictature
54%
Golfe qui borde le pays Persique
54%
Date de création du régime actuel 2003
43%
Nombre d'habitants (en millions) 45
39%
Empire qui a dominé l'Irak du XVIème au XXème siècle Empire ottoman
39%
Désert qui couvre plus de 35% du pays Arabie
36%
Principal partenaire commercial Chine
36%
Diplomate ayant fait un célèbre discours à ce sujet Dominique de Villepin
25%
Monnaie Dinar irakien
14%
Courant religieux de ce dernier Sunisme
11%
Premier ministre irakien Mohammed Chia al-Soudani
7%
Régime République fédérale
4%
Aucun quiz correspondant
Distribution des résultats
% des personnes avec chaque résultat
Percentile par nombre de réponses
Votre historique - résultats
Vous n’avez pas pris ce quiz